Представление документа в формате MARC21

ПолеНазваниеЗначение
  Тип записи a
  Библиографический уровень m
001 Контрольный номер RU/URAIT/590388
005 Дата корректировки 20260429163657.6
008 Кодируемые данные 260429s2026 RU y f j 000 0 rus u
020 Индекс ISBN __
a ISBN 978-5-534-19783-9
c Цена, тираж 1379.00
040 Источник каталогиз. __
a Служба первич. каталог. ИКО Юрайт
c Служба, преобразующая запись ИКО Юрайт
e Правила каталог. RCR
041 Код языка издания __
a Код языка текста rus
044 Код страны публикации __
a Код страны публикации RU
080 Индекс УДК __
a Индекс УДК 621.384(075.8)
084 Индекс другой классификации/Индекс ББК __
2 Источник индекса rubbk
a Индекс другой классификации/Индекс ББК 32.85я73
100 Автор __
a Автор Сигов А. С.
q Полное имя Сигов Александр Сергеевич
245 Заглавие __
a Заглавие Конструирование и технологии производства радиоэлектронных средств. Радиационные технологии
b Продолж. заглавия учебник для спо
c Ответственность А. С. Сигов, В. И. Иванов, П. А. Лучников, А. П. Суржиков.
256 Характеристики компьютерного файла __
a Характеристики компьютерного файла Электрон. дан.
260 Выходные данные __
a Место издания Москва
b Издательство Юрайт
c Дата издания 2026
300 Физическое описание __
a Объем 321 с
440 Серия __
a Серия Профессиональное образование
500 Примечания __
a Примечание URL: https://urait.ru/bcode/590388 (дата обращения: 29.04.2026).
520 Аннотация __
a Аннотация В книге рассматриваются технологические процессы в производстве элементов и устройств радиоэлектронной аппаратуры (РЭА) — электронных проборов, полупроводниковых и гибридных микросхем, антенных устройств, функциональных и защитных покрытий и других, где в качестве основного инструмента используются потоки ускоренных электронов и гамма-излучения. Рассмотрено технологическое оборудование и оснастка, включая генерирование, ускорение и фокусировку данных видов ионизирующих излучений.
538 Прим. о системных особенностях __
a Прим. о системных особенностях Режим доступа: Электронно-библиотечная система Юрайт, для авториз. пользователей
653 Ключевые слова __
a Ключевые слова Электротехника, электроника, телекоммуникации
653 Ключевые слова __
a Ключевые слова Технические науки
653 Ключевые слова __
a Ключевые слова Основы конструирования и технологии производства радиоэлектронных средств
653 Ключевые слова __
a Ключевые слова Теоретические основы производства электронного оборудования и систем автоматического управления
653 Ключевые слова __
a Ключевые слова Теоретические основы производства электронного оборудования электронной части станков с числовым программным управлением
653 Ключевые слова __
a Ключевые слова Теоретические основы разработки и моделирования электронного оборудования электронной части станков с числовым программным управлением
653 Ключевые слова __
a Ключевые слова Основы разработки электронных приборов и устройств
653 Ключевые слова __
a Ключевые слова Радиоэлектронные приборные устройства и системы
653 Ключевые слова __
a Ключевые слова Технология производства радиоэлектронных приборных устройств и систем
653 Ключевые слова __
a Ключевые слова Методы конструирования функциональных узлов радиоэлектронной аппаратуры, применяемой в комплексах и системах управления космических летательных аппаратов
653 Ключевые слова __
a Ключевые слова Радиоэлектронное оборудование
653 Ключевые слова __
a Ключевые слова Технология производства изделий твердотельной электроники
653 Ключевые слова __
a Ключевые слова Основы конструирования и технологии производства РЭС
653 Ключевые слова __
a Ключевые слова Конструирование и производство радиоаппаратуры
653 Ключевые слова __
a Ключевые слова Конструирование радиоэлектронной аппаратуры
653 Ключевые слова __
a Ключевые слова Основы конструирования электронных приборов и устройств
653 Ключевые слова __
a Ключевые слова Конструирование и технология производства радиоэлектронных устройств
653 Ключевые слова __
a Ключевые слова Основы электронной и вычислительной техники
700 Другие авторы __
a Другие авторы Иванов В. И.
q Полное имя Иванов Владимир Иванович
700 Другие авторы __
a Другие авторы Лучников П. А.
q Полное имя Лучников Петр Александрович
700 Другие авторы __
a Другие авторы Суржиков А. П.
q Полное имя Суржиков Анатолий Петрович
856 Электронный адрес документа 40
n Местонахождение сервера Юрайт
g Электронная книга
q Тип электронного формата html
h Имя пользователя ЮРАЙТ
v Часы доступа к ресурсу 20271231
2 Способ доступа Показать документ
x Служебное примечание https://urait.ru/book/cover/C4BB874F-F7E1-48C0-9836-53A9A28018FC
u URL https://urait.ru/bcode/590388
856 Электронный адрес документа 48
q Тип электронного формата cover
u URL https://urait.ru/book/cover/C4BB874F-F7E1-48C0-9836-53A9A28018FC
911 __
u 0030=https://urait.ru/bcode/590388
911 __
u 073a=9785534197839
u 073d=1379.00
911 __
u 106a=s
911 __
u 900l=
952 Тип литературы __
i Дисциплина Основы конструирования и технологии производства радиоэлектронных средств
952 Тип литературы __
i Дисциплина Теоретические основы производства электронного оборудования и систем автоматического управления
952 Тип литературы __
i Дисциплина Теоретические основы производства электронного оборудования электронной части станков с числовым программным управлением
952 Тип литературы __
i Дисциплина Теоретические основы разработки и моделирования электронного оборудования электронной части станков с числовым программным управлением
952 Тип литературы __
i Дисциплина Основы разработки электронных приборов и устройств
952 Тип литературы __
i Дисциплина Радиоэлектронные приборные устройства и системы
952 Тип литературы __
i Дисциплина Технология производства радиоэлектронных приборных устройств и систем
952 Тип литературы __
i Дисциплина Методы конструирования функциональных узлов радиоэлектронной аппаратуры, применяемой в комплексах и системах управления космических летательных аппаратов
952 Тип литературы __
i Дисциплина Радиоэлектронное оборудование
952 Тип литературы __
i Дисциплина Технология производства изделий твердотельной электроники
952 Тип литературы __
i Дисциплина Основы конструирования и технологии производства РЭС
952 Тип литературы __
i Дисциплина Конструирование и производство радиоаппаратуры
952 Тип литературы __
i Дисциплина Конструирование радиоэлектронной аппаратуры
952 Тип литературы __
i Дисциплина Основы конструирования электронных приборов и устройств
952 Тип литературы __
i Дисциплина Конструирование и технология производства радиоэлектронных устройств
952 Тип литературы __
i Дисциплина Основы электронной и вычислительной техники